[Event "Prvenstvo Sente   SENTA 2014"]
[Site "Senta"]
[Date "2014.02.09"]
[Round "7.7"]
[White "Kecskemeti, Arpad"]
[Black "Farkas, Sandor I"]
[Result "0-1"]
[WhiteElo "1976"]
[BlackElo "1874"]
[PlyCount "84"]
[EventDate "2014.01.24"]

1. e4 c5 2. Nf3 d6 3. d4 cxd4 4. Nxd4 Nf6 5. Nc3 a6 6. Be3 e5 7. Nb3 Be6 8. h3
Be7 9. f4 Qc7 10. f5 Bc4 11. g4 h6 12. Qf3 b5 13. a3 Bxb3 14. cxb3 Nc6 15. Rc1
Qb7 16. b4 Rc8 17. h4 Nd4 18. Qg2 h5 19. g5 Ng4 20. Bg1 Bd8 21. Rd1 Bb6 22. Be2
Nc2+ 23. Kd2 Nce3 24. Qg3 Nxd1 25. Bxd1 Bd4 26. Bxg4 Bxc3+ 27. bxc3 hxg4 28.
Qxg4 Rc4 29. f6 g6 30. h5 gxh5 31. Rxh5 Rxh5 32. Qxh5 Rxe4 33. Qh8+ Kd7 34.
Qh3+ Kc7 35. g6 Qd5+ 36. Qd3 Qa2+ 37. Kd1 Qb3+ 38. Kd2 Qa2+ 39. Kd1 Qa1+ 40.
Kd2 Qe1+ 41. Kc2 Re2+ 42. Kb3 Rd2 0-1

[Event "Prvenstvo Sente   SENTA 2014"]
[Site "Senta"]
[Date "2014.02.09"]
[Round "7.8"]
[White "Aleksic, Zvonimir"]
[Black "Vilagos, Emil"]
[Result "1/2-1/2"]
[WhiteElo "1936"]
[BlackElo "1626"]
[PlyCount "101"]
[EventDate "2014.01.24"]

1. Nf3 Nf6 2. g3 g6 3. Bg2 Bg7 4. O-O O-O 5. d3 d5 6. c3 c5 7. Be3 Nbd7 8. Qa4
Qc7 9. Na3 Nb6 10. Qh4 Nh5 11. g4 Nf4 12. Bxf4 Qxf4 13. Qxe7 Bxg4 14. Qh4 Bf6
15. Qg3 Qxg3 16. hxg3 Rfe8 17. Rfe1 a6 18. Nc2 Na4 19. Ne3 Be6 20. Rab1 Rac8
21. d4 c4 22. Kh2 b5 23. a3 Nb6 24. Bh3 a5 25. Bxe6 Rxe6 26. Kg2 Be7 27. b4 a4
28. Rh1 Rd6 29. g4 Nd7 30. g5 f6 31. gxf6 Bxf6 32. Rh3 Re8 33. Re1 Nf8 34. Ng4
Nd7 35. e3 Kg7 36. Reh1 Rh8 37. Nfe5 Bxe5 38. Nxe5 Nf6 39. f3 Nh5 40. Rh4 Rf8
41. e4 Rf4 42. exd5 Rxh4 43. Rxh4 Nf6 44. Rf4 Nxd5 45. Rf7+ Kg8 46. Rb7 Nxc3
47. Rb8+ Kg7 48. Rb7+ Kg8 49. Rb8+ Kg7 50. Rb7+ Kg8 51. Rb8+ 1/2-1/2

[Event "Prvenstvo Sente   SENTA 2014"]
[Site "Senta"]
[Date "2014.02.09"]
[Round "7.9"]
[White "Toth, Kazmer"]
[Black "Lorincz, Renata"]
[Result "1/2-1/2"]
[WhiteElo "1978"]
[BlackElo "1836"]
[PlyCount "136"]
[EventDate "2014.01.24"]

1. d4 d5 2. c4 e6 3. Nf3 Nf6 4. Nc3 Nbd7 5. Bg5 Be7 6. e3 h6 7. Bh4 O-O 8. Bd3
b6 9. Bg3 c5 10. cxd5 exd5 11. O-O Bb7 12. Rc1 Nh5 13. Bb1 Nxg3 14. hxg3 Nf6
15. Ne5 Re8 16. f3 Bd6 17. f4 Ne4 18. Bxe4 dxe4 19. Qb3 Re7 20. Rfd1 Bxe5 21.
dxe5 Qc8 22. Nb5 Qg4 23. Kf2 Ba6 24. Rd2 Rf8 25. Nd6 Bd3 26. Rh1 Qe6 27. Qa4 f6
28. Nxe4 Bxe4 29. Qxe4 fxe5 30. Qd5 Qxd5 31. Rxd5 exf4 32. gxf4 Rfe8 33. Re1
Kf7 34. Kf3 Re4 35. Re2 R8e7 36. g4 Rc4 37. e4 Rc1 38. e5 Rf1+ 39. Rf2 Re1 40.
Rd6 Ke8 41. Re2 Rf1+ 42. Ke4 Rf7 43. f5 Rd7 44. Red2 Re1+ 45. Kd5 Rg1 46. Rxd7
Kxd7 47. e6+ Ke7 48. Ke5 Rxg4 49. Rd7+ Ke8 50. Rxa7 Rg2 51. b3 h5 52. a4 Rg3
53. Kd6 Rd3+ 54. Ke5 Rg3 55. Rb7 h4 56. Kf4 Rg2 57. Rxb6 h3 58. Rb8+ Ke7 59.
Rh8 h2 60. a5 Ra2 61. a6 Rxa6 62. Rxh2 Ra3 63. Rc2 Rxb3 64. Rxc5 Kf6 65. Re5
Rb4+ 66. Re4 Rb7 67. Kg4 Re7 68. Re2 g6 1/2-1/2

[Event "Prvenstvo Sente   SENTA 2014"]
[Site "Senta"]
[Date "2014.02.09"]
[Round "7.10"]
[White "Davidovic, Zoran"]
[Black "Soklovacki, Mila"]
[Result "1-0"]
[WhiteElo "1907"]
[BlackElo "1632"]
[PlyCount "75"]
[EventDate "2014.01.24"]

1. d4 d5 2. Bg5 Nf6 3. Nf3 e6 4. e3 c5 5. c3 a6 6. Nbd2 cxd4 7. exd4 Be7 8. Bd3
Nc6 9. O-O O-O 10. Qc2 h6 11. Bf4 b5 12. b4 Bd6 13. Bxd6 Qxd6 14. a4 Rb8 15.
axb5 axb5 16. Nb3 Qc7 17. Qe2 Qb6 18. Nc5 Ne8 19. Ne5 Nxe5 20. Qxe5 Nd6 21. f4
Nc4 22. Qe2 Re8 23. f5 e5 24. Bxc4 dxc4 25. dxe5 Bb7 26. Qf2 Rbd8 27. e6 fxe6
28. fxe6 Re7 29. Kh1 Rde8 30. Rae1 Bc8 31. Ra1 Bxe6 32. Ra6 Qd8 33. Nxe6 Rxe6
34. Qf7+ Kh8 35. Rxe6 Rxe6 36. Qxe6 Qd3 37. Rf8+ Kh7 38. Qf5+ 1-0

[Event "Prvenstvo Sente   SENTA 2014"]
[Site "Senta"]
[Date "2014.02.09"]
[Round "7.13"]
[White "Racz, Bela"]
[Black "Miljkovic, Vukasin"]
[Result "1-0"]
[WhiteElo "1859"]
[BlackElo "1683"]
[PlyCount "188"]
[EventDate "2014.01.24"]

1. d4 d5 2. Nf3 Nf6 3. c4 c6 4. cxd5 Nxd5 5. e4 Nf6 6. Nc3 e6 7. Bg5 Be7 8. Qc2
h6 9. Bh4 Nh5 10. Bg3 Nxg3 11. hxg3 Qa5 12. Bd3 Bb4 13. O-O Bxc3 14. bxc3 Nd7
15. Rfe1 O-O 16. Rad1 b5 17. d5 exd5 18. exd5 cxd5 19. Nd4 a6 20. Nc6 Qb6 21.
Ne7+ Kh8 22. Nxd5 Qc5 23. Be4 Ra7 24. Qd3 Nb6 25. Nf4 Rd7 26. Qf3 Rxd1 27. Rxd1
Bf5 28. Qh5 g6 29. Qxh6+ Kg8 30. Nh5 Qxc3 31. Bxf5 Qh8 32. Qxh8+ Kxh8 33. Bxg6
fxg6 34. Rd6 Rb8 35. Rxg6 a5 36. Nf6 a4 37. Ne4 b4 38. Nc5 Nd5 39. Nxa4 Ra8 40.
Nb6 Ra6 41. Nxd5 Rxg6 42. Nxb4 Rb6 43. Nd3 Rb1+ 44. Kh2 Ra1 45. Nf4 Rxa2 46. f3
Ra3 47. g4 Kg7 48. Kg3 Ra4 49. Nh3 Ra2 50. f4 Kh6 51. f5 Rb2 52. Ng1 Kg5 53.
Nf3+ Kf6 54. Kh3 Rb8 55. Kg3 Rb2 56. Nd4 Rb4 57. Ne6 Rb8 58. Nc5 Rb5 59. Ne4+
Ke5 60. Ng5 Kf6 61. Kh4 Rb8 62. Nf3 Rh8+ 63. Kg3 Ra8 64. Nd4 Ra4 65. Ne6 Ra3+
66. Kh4 Ra8 67. Nf4 Rh8+ 68. Nh5+ Ke5 69. f6 Ke6 70. Kg5 Kf7 71. Ng7 Rh2 72. g3
Rh8 73. Kf5 Ra8 74. g5 Ra5+ 75. Kg4 Kg6 76. Ne6 Ra8 77. Nf4+ Kf7 78. Nd5 Ra1
79. Ne7 Rf1 80. Nf5 Kg6 81. Nh4+ Kf7 82. Kh5 Rh1 83. Kg4 Ra1 84. Nf5 Kg6 85.
Ne7+ Kf7 86. Nd5 Ra4+ 87. Nf4 Ra1 88. Kh4 Rh1+ 89. Kg4 Ra1 90. Nd3 Ra5 91. Kh5
Ra1 92. Ne5+ Ke6 93. Ng6 Kf5 94. f7 Ra7 1-0

[Event "Prvenstvo Sente   SENTA 2014"]
[Site "Senta"]
[Date "2014.02.09"]
[Round "7.14"]
[White "Farkas, Istvan"]
[Black "Bicskei, Mihaly"]
[Result "1-0"]
[WhiteElo "1570"]
[BlackElo "1853"]
[PlyCount "87"]
[EventDate "2014.01.24"]

1. e4 c5 2. Nf3 Nc6 3. Nc3 d6 4. d4 cxd4 5. Nxd4 Nf6 6. Bg5 e6 7. Be2 Be7 8.
Qd2 a6 9. O-O-O Qc7 10. f3 Bd7 11. g4 Ne5 12. h4 b5 13. h5 h6 14. Be3 b4 15.
Nb1 d5 16. g5 hxg5 17. Bxg5 dxe4 18. Bxf6 gxf6 19. fxe4 Qb7 20. Qe3 O-O-O 21.
Nd2 Kb8 22. N2b3 Qa7 23. Qg3 Rdg8 24. Qh2 Ka8 25. Na5 Rc8 26. Qg1 Rhg8 27. Qf1
Qb6 28. Nc4 Nxc4 29. Bxc4 Rc7 30. Bxa6 Qa5 31. Bc4 Rgc8 32. Bb3 Ba4 33. Qf3 Ka7
34. h6 Bxb3 35. Qxb3 Rh8 36. h7 Ka8 37. Rdg1 Rcc8 38. Rg7 Rcf8 39. Nc6 Qc5 40.
Nxe7 Qxe7 41. Qf3 Qb7 42. Qg2 Ka7 43. Rg8 Qe7 44. Qg7 1-0

[Event "Prvenstvo Sente   SENTA 2014"]
[Site "Senta"]
[Date "2014.02.09"]
[Round "7.15"]
[White "Boros, Aron"]
[Black "Ridjicki, Nenad"]
[Result "0-1"]
[WhiteElo "1420"]
[BlackElo "1844"]
[PlyCount "44"]
[EventDate "2014.01.24"]

1. e4 c5 2. Nf3 Nc6 3. d4 cxd4 4. Nxd4 g6 5. Be3 Bg7 6. Bc4 e6 7. Nc3 Nge7 8.
Ndb5 O-O 9. Nd6 f5 10. exf5 Nxf5 11. Bc5 Nxd6 12. Bxd6 Rf7 13. O-O a6 14. Bd3
Qb6 15. Na4 Qd4 16. Bc7 Qxa4 17. b3 Qd4 18. Rc1 d6 19. c3 Qe5 20. Re1 Qc5 21.
b4 Qxf2+ 22. Kh1 Rxc7 0-1

[Event "Prvenstvo Sente   SENTA 2014"]
[Site "Senta"]
[Date "2014.02.09"]
[Round "7.16"]
[White "Bacsa, Zoltan"]
[Black "Uveric, Nebojsa"]
[Result "0-1"]
[WhiteElo "1654"]
[BlackElo "1521"]
[PlyCount "60"]
[EventDate "2014.01.24"]

1. e4 e5 2. Nf3 d6 3. d4 exd4 4. Qxd4 h6 5. Bc4 Nc6 6. Qd3 Nf6 7. O-O Be7 8.
Re1 O-O 9. h3 a6 10. Bd2 Ne5 11. Nxe5 dxe5 12. Qb3 b5 13. Bf1 Bb7 14. Qg3 Nxe4
15. Rxe4 Bxe4 16. Bxh6 Bf6 17. Nd2 Bxc2 18. Be3 e4 19. Rc1 Bd3 20. Rxc7 Bxb2
21. Rc6 Bf6 22. Bb6 Qe7 23. Bc5 Qe5 24. Qxe5 Bxe5 25. Bxf8 Kxf8 26. Bxd3 exd3
27. Kf1 Bf4 28. Nb3 d2 29. Ke2 Re8+ 30. Kd1 Re1+ 0-1

[Event "Prvenstvo Sente   SENTA 2014"]
[Site "Senta"]
[Date "2014.02.09"]
[Round "7.17"]
[White "Grbin, Stefan"]
[Black "Djukic, Luka"]
[Result "1-0"]
[WhiteElo "1609"]
[BlackElo "1495"]
[PlyCount "41"]
[EventDate "2014.01.24"]

1. d4 d5 2. c4 c6 3. Nc3 Nf6 4. Bg5 Nbd7 5. e3 h6 6. Bh4 g6 7. Qb3 e6 8. Nf3
Bg7 9. cxd5 cxd5 10. Nb5 Nb6 11. Bg3 O-O 12. Bc7 Qd7 13. Ne5 Qe8 14. Bxb6 axb6
15. Nc7 Qe7 16. Nxa8 Bd7 17. Nxb6 Bc6 18. Be2 Qc7 19. O-O Nd7 20. Nbxd7 Bxd7
21. Rfc1 1-0

[Event "Prvenstvo Sente   SENTA 2014"]
[Site "Senta"]
[Date "2014.02.09"]
[Round "7.18"]
[White "Boros, Tamas I"]
[Black "Burany, Karoly"]
[Result "0-1"]
[WhiteElo "1536"]
[BlackElo "1441"]
[PlyCount "64"]
[EventDate "2014.01.24"]

1. e4 e5 2. Nf3 c5 3. Bc4 f6 4. Nc3 a6 5. d3 Ne7 6. Be3 d6 7. O-O b5 8. Bd5 Ra7
9. Ne2 Bb7 10. Be6 Bc8 11. Bxc8 Nxc8 12. b4 Rc7 13. bxc5 dxc5 14. c3 Bd6 15. d4
O-O 16. d5 c4 17. Bb6 Nxb6 18. h3 f5 19. exf5 Rxf5 20. Ng3 Rf8 21. Qd2 h6 22.
Rfe1 N8d7 23. Re4 Nf6 24. Rh4 Qd7 25. Re1 Rc5 26. Nxe5 Bxe5 27. Rxe5 Rxd5 28.
Rxd5 Qxd5 29. Rd4 Qe5 30. Rd8 Rxd8 31. Qxd8+ Qe8 32. Qd4 Qe1+ 0-1

[Event "Prvenstvo Sente   SENTA 2014"]
[Site "Senta"]
[Date "2014.02.14"]
[Round "8.1"]
[White "Farkas, Tibor"]
[Black "Sakic, Lorand"]
[Result "1-0"]
[WhiteElo "2251"]
[BlackElo "1987"]
[PlyCount "67"]
[EventDate "2014.01.24"]

1. e4 c5 2. Nf3 Nc6 3. d4 cxd4 4. Nxd4 Nf6 5. Nc3 e5 6. Ndb5 d6 7. Nd5 Nxd5 8.
exd5 Nb8 9. Qf3 a6 10. Qa3 b6 11. c4 Be7 12. Be3 O-O 13. Be2 Bb7 14. Nc3 Nd7
15. O-O f5 16. f3 Nf6 17. Qb3 Nd7 18. c5 dxc5 19. d6+ Kh8 20. dxe7 Qxe7 21. a4
f4 22. Bf2 Rac8 23. Rad1 Rc6 24. Bd3 Rh6 25. Be4 Rff6 26. Bxb7 Rfg6 27. Ne4 c4
28. Qxc4 Nc5 29. b4 Rxg2+ 30. Kxg2 Qe8 31. bxc5 Rxh2+ 32. Kxh2 Qh5+ 33. Kg2
Qg6+ 34. Bg3 1-0

[Event "Prvenstvo Sente   SENTA 2014"]
[Site "Senta"]
[Date "2014.02.14"]
[Round "8.2"]
[White "Vranic, Ljubomir"]
[Black "Nagy, Attila N"]
[Result "1-0"]
[WhiteElo "2213"]
[BlackElo "2206"]
[PlyCount "121"]
[EventDate "2014.01.24"]

1. d4 Nf6 2. c4 e6 3. Nc3 Bb4 4. Qc2 c5 5. Nf3 cxd4 6. Nxd4 O-O 7. a3 Bc5 8.
Nb3 Be7 9. Bg5 a6 10. e4 Qc7 11. Be2 b6 12. Qd2 Bb7 13. Rc1 d6 14. f3 Nbd7 15.
O-O Rac8 16. Nd4 Qb8 17. Rfd1 Rfe8 18. Bf1 Bd8 19. Qf2 Ne5 20. b3 h6 21. Be3
Bc7 22. h3 Ned7 23. Kh1 Qa8 24. b4 Ne5 25. Na4 d5 26. exd5 exd5 27. c5 bxc5 28.
Nxc5 Nc4 29. Bxc4 dxc4 30. Nxb7 Qxb7 31. Nf5 Qb5 32. Bc5 Rcd8 33. Rxd8 Rxd8 34.
Qc2 Bf4 35. Rd1 Rxd1+ 36. Qxd1 Qd7 37. Ne7+ Kh7 38. Qxd7 Nxd7 39. Bd4 Ne5 40.
Nd5 Nc6 41. Bc3 Be5 42. Bxe5 Nxe5 43. Kg1 Kg6 44. Kf2 Kf5 45. Ke3 c3 46. a4 h5
47. Nxc3 h4 48. Kd4 g5 49. Nd5 Nd7 50. Nc3 Kf4 51. Ne2+ Kf5 52. b5 axb5 53. a5
Ke6 54. Nc3 b4 55. Ne4 f5 56. Nxg5+ Kd6 57. Kc4 b3 58. Kxb3 Kc5 59. Ne6+ Kb5
60. Nd4+ Kxa5 61. Nxf5 1-0

[Event "Prvenstvo Sente   SENTA 2014"]
[Site "Senta"]
[Date "2014.02.14"]
[Round "8.3"]
[White "Simonyi, Zoltan"]
[Black "Sarnyai, Daniel"]
[Result "1-0"]
[WhiteElo "2271"]
[BlackElo "1828"]
[PlyCount "83"]
[EventDate "2014.01.24"]

1. e4 c5 2. Nf3 e6 3. d4 cxd4 4. Nxd4 a6 5. Be3 Qc7 6. Bd3 Nf6 7. f4 Be7 8. Nc3
d6 9. Qf3 Nbd7 10. g4 Nc5 11. g5 Nxd3+ 12. cxd3 Nd7 13. O-O g6 14. Rac1 Qd8 15.
Qg3 Nc5 16. Rcd1 h5 17. f5 b6 18. fxg6 fxg6 19. b4 Nb7 20. Nc6 Qc7 21. Nxe7
Qxe7 22. Rf6 Rg8 23. Bxb6 Nd8 24. Rc1 Rb8 25. Na4 Bd7 26. Rc7 e5 27. Qe3 Ne6
28. Ra7 Rc8 29. Nb2 Nf4 30. Nc4 Rc6 31. Ra8+ Bc8 32. Ba5 Qd7 33. h3 Nxh3+ 34.
Kh2 Nf4 35. Nxd6+ Rxd6 36. Rxd6 Qg4 37. Rxc8+ Ke7 38. Qa7+ Kxd6 39. Rc6+ Kxc6
40. Qc7+ Kb5 41. Qc4+ Ka4 42. Qc2+ 1-0

[Event "Prvenstvo Sente   SENTA 2014"]
[Site "Senta"]
[Date "2014.02.14"]
[Round "8.4"]
[White "Farkas, Sandor I"]
[Black "Sente, Damir"]
[Result "1/2-1/2"]
[WhiteElo "1874"]
[BlackElo "2103"]
[PlyCount "101"]
[EventDate "2014.01.24"]

1. e4 d6 2. d4 Nf6 3. f3 e5 4. Be3 exd4 5. Qxd4 Nc6 6. Qd2 Be7 7. Nc3 Be6 8. h3
d5 9. exd5 Nxd5 10. Nxd5 Qxd5 11. Qxd5 Bxd5 12. c4 Bb4+ 13. Kf2 Be6 14. f4
O-O-O 15. Nf3 Be7 16. b3 Bf6 17. Rc1 Nb4 18. a3 Na2 19. Rc2 Nc3 20. g4 Nd1+ 21.
Ke2 Nxe3 22. Kxe3 h5 23. Rg1 hxg4 24. hxg4 Rhe8 25. Kf2 g6 26. Kg3 Bd7 27. g5
Bh8 28. Re2 Bf5 29. Rxe8 Rxe8 30. Rh1 Bb2 31. Rh7 Bxa3 32. Bh3 Bxh3 33. Kxh3
Rf8 34. Ne5 Bd6 35. Nxf7 Bxf4 36. Kg4 Bd2 37. Rh8 Rxh8 38. Nxh8 Kd7 39. Nxg6
Ke6 40. Nf4+ Bxf4 41. Kxf4 c6 42. Ke4 b6 43. g6 a5 44. g7 Kf7 45. Ke5 b5 46.
cxb5 cxb5 47. Kd5 Kxg7 48. Kc5 a4 49. bxa4 bxa4 50. Kb4 a3 51. Kb3 1/2-1/2

[Event "Prvenstvo Sente   SENTA 2014"]
[Site "Senta"]
[Date "2014.02.14"]
[Round "8.5"]
[White "Pajzer, Istvan"]
[Black "Kaszas, Viktor"]
[Result "0-1"]
[WhiteElo "2157"]
[BlackElo "2045"]
[PlyCount "74"]
[EventDate "2014.01.24"]

1. d4 Nf6 2. c4 g6 3. Nc3 Bg7 4. e4 O-O 5. Be3 d6 6. f3 e5 7. d5 c6 8. Nge2
cxd5 9. cxd5 Nbd7 10. g4 h5 11. gxh5 Nxh5 12. Qd2 a6 13. O-O-O b5 14. Ng3 Nf4
15. h4 Nc5 16. Bxc5 dxc5 17. h5 c4 18. hxg6 fxg6 19. d6 Bb7 20. Kb1 Rc8 21.
Nce2 Qb6 22. Nxf4 exf4 23. Ne2 b4 24. Bh3 c3 25. Be6+ Rf7 26. Bxf7+ Kxf7 27.
Qxf4+ Kg8 28. Rc1 b3 29. axb3 Qxb3 30. Rc2 cxb2 31. Rxc8+ Bxc8 32. Qd2 Be6 33.
Nc1 Qa3 34. d7 Qa1+ 35. Kc2 b1=Q+ 36. Kd1 Qa4+ 37. Ke2 Qxd7 0-1

[Event "Prvenstvo Sente   SENTA 2014"]
[Site "Senta"]
[Date "2014.02.14"]
[Round "8.6"]
[White "Davidovic, Zoran"]
[Black "Aleksic, Zvonimir"]
[Result "1-0"]
[WhiteElo "1907"]
[BlackElo "1936"]
[PlyCount "93"]
[EventDate "2014.01.24"]

1. d4 e6 2. f4 b6 3. Nf3 Bb7 4. e3 f5 5. c4 Nf6 6. Nc3 Be7 7. Be2 O-O 8. O-O c6
9. a3 a5 10. Qb3 Qc7 11. Bd2 Kh8 12. Ne5 d6 13. Nf3 Re8 14. Ng5 Bc8 15. Bf3 h6
16. Nh3 Nbd7 17. Rac1 Nf8 18. d5 N8d7 19. dxc6 Nc5 20. Qc2 Ba6 21. Nb5 Bxb5 22.
cxb5 d5 23. Bc3 Nce4 24. Be5 Bd6 25. Bxd6 Qxd6 26. Rfe1 Qc7 27. Nf2 Nxf2 28.
Kxf2 Rad8 29. g3 Kg8 30. Qc3 Re7 31. a4 Ne8 32. b4 Ra8 33. g4 Nd6 34. gxf5 Nxf5
35. bxa5 Rxa5 36. Qb4 Nd6 37. Rg1 Ra7 38. Rg6 Nf5 39. Rxe6 d4 40. Rxe7 dxe3+
41. Rxe3 Nxe3 42. Kxe3 Ra8 43. Rc4 Re8+ 44. Re4 Rxe4+ 45. Qxe4 Kf8 46. Qf5+ Ke7
47. Qe5+ 1-0

[Event "Prvenstvo Sente   SENTA 2014"]
[Site "Senta"]
[Date "2014.02.14"]
[Round "8.7"]
[White "Mrzic, Branko"]
[Black "Vilagos, Emil"]
[Result "1-0"]
[WhiteElo "1855"]
[BlackElo "1626"]
[PlyCount "82"]
[EventDate "2014.01.24"]

1. e4 Nf6 2. d3 d5 3. Qe2 dxe4 4. dxe4 Bg4 5. f3 Bd7 6. Nc3 e5 7. Bg5 Bb4 8.
Qe3 h6 9. Bh4 Qe7 10. O-O-O Bc5 11. Qe1 g5 12. Bf2 Nc6 13. Bb5 O-O-O 14. Nge2
Nb4 15. Bxd7+ Rxd7 16. Rxd7 Nxd7 17. a3 Bxf2 18. Qxf2 Nc6 19. Ng3 Nd4 20. Nd5
Qc5 21. Kb1 Qa5 22. Qe1 Qc5 23. Qc3 Qxc3 24. Nxc3 c6 25. Nce2 Nxe2 26. Nxe2 h5
27. Ng3 g4 28. Nf5 Kc7 29. Rf1 Rg8 30. Nh6 Rg7 31. fxg4 Rg6 32. Nxf7 Rxg4 33.
Rf5 h4 34. Rg5 Rxe4 35. Kc1 Re2 36. Kd1 Rf2 37. Rg7 Kb6 38. Nd6 Nc5 39. Nc4+
Ka6 40. Nxe5 Ne4 41. Nc4 b5 1-0

[Event "Prvenstvo Sente   SENTA 2014"]
[Site "Senta"]
[Date "2014.02.14"]
[Round "8.8"]
[White "Vucurovic, Nebojsa"]
[Black "Farkas, Istvan"]
[Result "1-0"]
[WhiteElo "2016"]
[BlackElo "1570"]
[PlyCount "41"]
[EventDate "2014.01.24"]

1. e4 c5 2. Nf3 Nc6 3. Bb5 e6 4. O-O Nf6 5. Re1 a6 6. Bxc6 bxc6 7. e5 Nd5 8. c4
Nb6 9. Qc2 Qc7 10. Ng5 h6 11. Nf3 Be7 12. Qe4 O-O 13. Nc3 Bb7 14. d3 Rad8 15.
Qg4 Kh7 16. Qh5 f6 17. Nh4 fxe5 18. Qg6+ Kh8 19. Bxh6 Rg8 20. Bg5 Bxg5 21. Qxg5
1-0

[Event "Prvenstvo Sente   SENTA 2014"]
[Site "Senta"]
[Date "2014.02.14"]
[Round "8.9"]
[White "Ridjicki, Nenad"]
[Black "Toth, Kazmer"]
[Result "1/2-1/2"]
[WhiteElo "1844"]
[BlackElo "1978"]
[PlyCount "103"]
[EventDate "2014.01.24"]

1. e4 d6 2. d4 Nf6 3. Nc3 g6 4. Be3 Bg7 5. h3 c6 6. Bd3 e5 7. Nf3 Nbd7 8. Qd2
b5 9. a3 a5 10. O-O O-O 11. dxe5 Nxe5 12. Be2 Qc7 13. Rad1 Ne8 14. Nxe5 Bxe5
15. Bh6 Bg7 16. Bxg7 Kxg7 17. f4 b4 18. Qd4+ f6 19. axb4 axb4 20. Qxb4 Rb8 21.
Qa3 Qb6+ 22. Kh1 Qxb2 23. Qxb2 Rxb2 24. Bd3 Nc7 25. Rb1 Rxb1 26. Rxb1 Ne6 27.
g3 Nc5 28. Bf1 h5 29. Rd1 Rd8 30. Kg2 Kf7 31. Kf3 Ke7 32. g4 h4 33. Ke3 Bd7 34.
Ra1 Rb8 35. Ra2 Rb7 36. Bc4 Be6 37. Bxe6 Nxe6 38. f5 gxf5 39. gxf5 Ng5 40. Ra1
Rb2 41. Kd2 Rb7 42. Ra8 Rd7 43. Rh8 d5 44. exd5 cxd5 45. Kd3 Nxh3 46. Rxh4 Ng5
47. Rh6 Kf7 48. Kd4 Nf3+ 49. Ke3 Ng5 50. Kd4 Nf3+ 51. Ke3 Ng5 52. Kd4 1/2-1/2

[Event "Prvenstvo Sente   SENTA 2014"]
[Site "Senta"]
[Date "2014.02.14"]
[Round "8.11"]
[White "Pilisi, Lukacs"]
[Black "Grbin, Stefan"]
[Result "0-1"]
[WhiteElo "1898"]
[BlackElo "1609"]
[PlyCount "94"]
[EventDate "2014.01.24"]

1. c4 e6 2. Nc3 d5 3. cxd5 exd5 4. d3 Bb4 5. Bd2 Nf6 6. g3 c6 7. Bg2 O-O 8. Nf3
Bf5 9. O-O Nbd7 10. a3 Bc5 11. Na4 Bd6 12. Re1 Re8 13. Nc3 Ng4 14. e4 dxe4 15.
dxe4 Bg6 16. Nh4 Bh5 17. Bf3 Nde5 18. h3 Nxf3+ 19. Nxf3 Ne5 20. g4 Bg6 21. Nxe5
Bxe5 22. Qc2 Qh4 23. Qd3 Rad8 24. Qe3 Bd4 25. Qf3 Bxf2+ 26. Qxf2 Qxf2+ 27. Kxf2
Rxd2+ 28. Re2 Rxe2+ 29. Nxe2 Bxe4 30. Rd1 Bd5 31. Nc3 Be6 32. Kg3 Kf8 33. Kf4
h6 34. h4 Ke7 35. Rd2 Rd8 36. Rxd8 Kxd8 37. g5 hxg5+ 38. hxg5 Ke7 39. Ne4 Bd5
40. Nc5 b6 41. Nd3 Ke6 42. b4 Bc4 43. Ne5 Bb5 44. Ke4 f6 45. gxf6 gxf6 46. Nf3
c5 47. bxc5 Bc6+ 0-1

[Event "Prvenstvo Sente   SENTA 2014"]
[Site "Senta"]
[Date "2014.02.14"]
[Round "8.12"]
[White "Uveric, Nebojsa"]
[Black "Korponai, Akos"]
[Result "0-1"]
[WhiteElo "1521"]
[BlackElo "1888"]
[PlyCount "72"]
[EventDate "2014.01.24"]

1. e4 c5 2. Nf3 g6 3. d4 cxd4 4. Nxd4 Bg7 5. Nc3 Nc6 6. Be3 Nf6 7. Be2 O-O 8.
O-O d6 9. a3 Bd7 10. Rb1 a6 11. f3 Rc8 12. Qd2 Qc7 13. Bd3 Ne5 14. Nd5 Nxd5 15.
exd5 Nc4 16. Qf2 Nxe3 17. Qxe3 Qc5 18. c3 Rfe8 19. Kh1 Qxd5 20. Be4 Bxd4 21.
Qxd4 Qxd4 22. cxd4 Rc7 23. h3 Rec8 24. Rfe1 e6 25. f4 d5 26. Bd3 Ba4 27. b3 Bd7
28. Kh2 Rc3 29. Bf1 Kf8 30. a4 Ke7 31. h4 Kd6 32. g3 Rc2+ 33. Re2 Rxe2+ 34.
Bxe2 Rc2 35. Re1 Rb2 36. g4 Rxb3 0-1

[Event "Prvenstvo Sente   SENTA 2014"]
[Site "Senta"]
[Date "2014.02.14"]
[Round "8.13"]
[White "Burany, Karoly"]
[Black "Sakic, Simeon"]
[Result "1/2-1/2"]
[WhiteElo "1441"]
[BlackElo "1868"]
[PlyCount "100"]
[EventDate "2014.01.24"]

1. e4 e5 2. Bc4 Nc6 3. c3 Nf6 4. d3 Bc5 5. a3 d6 6. b4 Bb6 7. h3 O-O 8. Qf3 h6
9. Be3 Qe7 10. Bxb6 axb6 11. Ne2 Be6 12. Nd2 Nh7 13. O-O f5 14. Bxe6+ Qxe6 15.
c4 Ng5 16. Qg3 fxe4 17. f4 exd3 18. Qxd3 exf4 19. Nxf4 Qe5 20. Qd5+ Qxd5 21.
Nxd5 Ne6 22. Nb3 Ne5 23. Ne7+ Kh7 24. Rxf8 Rxf8 25. Re1 Ra8 26. c5 bxc5 27.
bxc5 Rxa3 28. cxd6 cxd6 29. Nd2 Nf4 30. Nf5 Rd3 31. Ne4 Nc4 32. Neg3 Rd2 33.
Re4 d5 34. Rxf4 g5 35. Rd4 Rxd4 36. Nxd4 Kg6 37. Kf2 Kf6 38. Nge2 Ke5 39. g4
Ke4 40. Nf5 Nd2 41. Nxh6 d4 42. Nf5 d3 43. Nfg3+ Kd5 44. Nc3+ Kd4 45. Nd1 Ne4+
46. Nxe4 Kxe4 47. Nc3+ Kf4 48. Nd1 Ke4 49. Nc3+ Kf4 50. Nd1 Ke4 1/2-1/2

[Event "Prvenstvo Sente   SENTA 2014"]
[Site "Senta"]
[Date "2014.02.14"]
[Round "8.15"]
[White "Soklovacki, Mila"]
[Black "Miljkovic, Vukasin"]
[Result "1-0"]
[WhiteElo "1632"]
[BlackElo "1683"]
[PlyCount "83"]
[EventDate "2014.01.24"]

1. e4 c5 2. Nf3 e6 3. d4 b6 4. Be3 Qc7 5. Nc3 Bb7 6. d5 a6 7. Be2 Nf6 8. dxe6
dxe6 9. Nd2 Bd6 10. h3 h6 11. O-O Bf4 12. Bxf4 Qxf4 13. f3 Nh5 14. Nc4 Qc7 15.
Qd6 Qc6 16. Qxc6+ Bxc6 17. Nxb6 Ra7 18. Nc4 O-O 19. Rfd1 a5 20. Rd6 Nf6 21. Ne5
Rc7 22. b3 Rfc8 23. Rad1 Ne8 24. Rd8 Kf8 25. Nb5 Bxb5 26. Bxb5 Ke7 27. Rxc8
Rxc8 28. Bxe8 Kxe8 29. Nc4 Rc7 30. Rd6 Nc6 31. c3 Ke7 32. Rd2 f6 33. Kf2 h5 34.
Ke2 g5 35. g3 Rd7 36. Rxd7+ Kxd7 37. Ke3 e5 38. Kd3 Kc7 39. Ne3 Kd6 40. Nf5+
Kc7 41. Kc4 Kb6 42. Ne3 1-0

[Event "Prvenstvo Sente   SENTA 2014"]
[Site "Senta"]
[Date "2014.02.14"]
[Round "8.16"]
[White "Olajos, Gyozo"]
[Black "Vrabel, Mate"]
[Result "0-1"]
[WhiteElo "1676"]
[BlackElo "1513"]
[PlyCount "118"]
[EventDate "2014.01.24"]

1. d4 d5 2. c4 c6 3. Nc3 Nf6 4. Bg5 e6 5. e3 Be7 6. Nf3 O-O 7. Be2 Nbd7 8. O-O
dxc4 9. Bxc4 Nd5 10. Bxe7 Qxe7 11. Qc2 Qb4 12. Ne4 N5f6 13. Bd3 h6 14. a3 Qe7
15. Rac1 Re8 16. Ng3 e5 17. dxe5 Nxe5 18. Nxe5 Qxe5 19. Rce1 Be6 20. f4 Qc7 21.
e4 Rad8 22. e5 Nd5 23. Ne4 Bc8 24. Nd6 Qb6+ 25. Kh1 Ne3 26. Bh7+ Kf8 27. Rxe3
Qxe3 28. Nxe8 Kxe8 29. h3 Rd2 30. Qe4 Qxe4 31. Bxe4 Rxb2 32. Rf3 Be6 33. Rd3
Rb1+ 34. Kh2 Rb3 35. f5 Rxd3 36. Bxd3 Bd5 37. g4 Ke7 38. Kg3 b5 39. Kf4 a5 40.
Ke3 b4 41. axb4 axb4 42. Kd4 b3 43. h4 Kd7 44. g5 hxg5 45. hxg5 Ke7 46. Bb1 Kd7
47. Bd3 Bf3 48. Bb1 Bd1 49. Kc3 b2 50. Kxb2 Bh5 51. Kc3 g6 52. f6 Bf3 53. Kd4
Bd5 54. Kc5 Ke6 55. Kd4 c5+ 56. Kxc5 Kxe5 57. Bc2 Ba2 58. Bd3 Kf4 59. Kd6 Kxg5
0-1

[Event "Prvenstvo Sente   SENTA 2014"]
[Site "Senta"]
[Date "2014.02.14"]
[Round "8.18"]
[White "Radisic, Dragoljub"]
[Black "Posa, Janos"]
[Result "0-1"]
[WhiteElo "1419"]
[BlackElo "1866"]
[PlyCount "70"]
[EventDate "2014.01.24"]

1. e4 c6 2. Nf3 d5 3. e5 e6 4. d4 c5 5. c3 Nc6 6. Bb5 Bd7 7. Be3 Nxe5 8. Bxd7+
Nxd7 9. Qa4 Qc7 10. g3 Qc6 11. Qd1 Ngf6 12. Ne5 Qa6 13. Nd3 cxd4 14. Bxd4 Bd6
15. O-O O-O 16. Re1 Rfe8 17. Ne5 Nxe5 18. Bxe5 Bxe5 19. Rxe5 Qb6 20. Nd2 Qxb2
21. Re3 Qb6 22. Rb1 Qa6 23. a4 Rac8 24. Rc1 Rc7 25. h3 Rec8 26. Qb3 d4 27. Rf3
Qe2 28. Qc2 Rxc3 29. Rxc3 Rxc3 30. Qb2 Rxc1+ 31. Qxc1 g6 32. Kg2 Ne4 33. Nxe4
Qxe4+ 34. Kg1 Qc6 35. Qxc6 bxc6 0-1

[Event "Prvenstvo Sente   SENTA 2014"]
[Site "Senta"]
[Date "2014.02.14"]
[Round "8.20"]
[White "Djukic, Luka"]
[Black "Boros, Aron"]
[Result "1-0"]
[WhiteElo "1495"]
[BlackElo "1420"]
[PlyCount "43"]
[EventDate "2014.01.24"]

1. e4 c5 2. Nf3 Nc6 3. Bb5 a6 4. Bxc6 bxc6 5. Nc3 d6 6. O-O e5 7. d3 Nf6 8. Bg5
Be7 9. Ne2 Bg4 10. Ng3 h6 11. Bxf6 Bxf6 12. h3 Bxf3 13. Qxf3 d5 14. Rad1 O-O
15. Qg4 Qc8 16. Nf5 Kh8 17. f4 Rb8 18. b3 Re8 19. Qg3 Rd8 20. fxe5 g6 21. exf6
gxf5 22. Qg7# 1-0